| 000 | 00809nam a2200229Ia 4500 | ||
|---|---|---|---|
| 003 | OSt | ||
| 005 | 20200824181102.0 | ||
| 008 | 191128s2014 ck fr 000 0 spa d | ||
| 040 |
_aCO-JMCR _cCO-JMCR |
||
| 041 | 0 | _aspa | |
| 082 | 0 | 4 |
_a348.986 / _bP438c _223 |
| 100 | 1 |
_aPérez Huertas, Freddy Rolando, _eautor _98680 |
|
| 245 | 1 | 3 |
_aEl consejo de estado contra el país : _bCajanal, víctima del prevaricato más largo de la historia / _cFreddy Rolando Pérez Huertas |
| 260 |
_a[Bogotá : _bs.n., _c2014?] |
||
| 300 |
_a180 páginas ; _c20 cm. |
||
| 490 | 0 | _aEl carrusel de las pensiones | |
| 650 | 1 | 4 |
_aDerecho laboral _zColombia _98055 |
| 650 | 1 | 4 |
_aLegislación laboral _zColombia _98768 |
| 650 | 1 | 4 |
_aPensiones _zColombia _98670 |
| 650 | 1 | 4 |
_aPensiones a la vejez _zColombia _99154 |
| 942 |
_2ddc _cBK |
||
| 999 |
_c6338 _d6338 |
||